Economies of care: Imagining food sovereign communities in Eastern Himalayas (Record no. 524434)

000 -LEADER
fixed length control field 01064nam a22001457a 4500
008 - FIXED-LENGTH DATA ELEMENTS--GENERAL INFORMATION
fixed length control field 231117b ||||| |||| 00| 0 eng d
100 ## - MAIN ENTRY--PERSONAL NAME
Personal name Tula, Meenal
245 ## - TITLE STATEMENT
Title Economies of care: Imagining food sovereign communities in Eastern Himalayas
260 ## - PUBLICATION, DISTRIBUTION, ETC. (IMPRINT)
Place of publication, distribution, etc Social Action
300 ## - PHYSICAL DESCRIPTION
Extent 73(4), Oct-Dec, 2023: p.364-377
520 ## - SUMMARY, ETC.
Summary, etc Through field aberration experiences and interviews in Chizami, in Phek District, Nagaland. I came to think about economies of cure; a network of traditional subsistence-based practices in indigenous communities that are closely related to women’s care and care work today. I look at seeds, labour and food as sites of practicing care, and caring as a paradigm of community and multiplexes exchanges. The aim of the paper is to work towards two inter-related ends; one, to problematic the devaluation of women’s care work and two, to foreground the value of these economics of care for imagining, buildings, food sovereign communities. – Reproduced
773 ## - HOST ITEM ENTRY
Main entry heading Social Action
906 ## - LOCAL DATA ELEMENT F, LDF (RLIN)
Subject DIP LABOURS
942 ## - ADDED ENTRY ELEMENTS (KOHA)
Item type Articles
Holdings
Withdrawn status Lost status Source of classification or shelving scheme Damaged status Not for loan Permanent location Current location Date acquired Serial Enumeration / chronology Barcode Date last seen Koha item type
          Indian Institute of Public Administration Indian Institute of Public Administration 2023-11-17 73(4), Oct-Dec, 2023: p.364-377 AR130314 2023-11-17 Articles

Powered by Koha